Statistics for Names of WWII Operations

Click here to take the quiz!

General Stats

  • This quiz has been taken 674 times
  • The average score is 3 of 10

Answer Stats

Hint Answer % Correct
German Invasion of the USSROperation Barbarossa
87%
Allied Invasion of NormandyOperation Overlord
87%
Allied Invasion of French North AfricaOperation Torch
46%
British Evacuation out of DunkirkOperation Dynamo
26%
German Invasion of PolandCase White
15%
Planned American Invasion of JapanOperation Downfall
12%
Last German Offensive resulting in "Battle of the Bulge"Operation Watch on the Rhine
7%
Allied Invasion of OkinawaOperation Iceberg
5%
Soviet Invasion of Japanese Controlled ManchuriaOperation August Storm
4%
US invasion of Iwo JimaOperation Detachment
4%

Score Distribution

Percentile by Number Answered

Percent of People with Each Score

Your Score History

You have not taken this quiz